A globális világ a XX. századi történeti folyamatok összekapcsolódásáról /

Elmentve itt :
Bibliográfiai részletek
Szerző: Fischer Ferenc
Dokumentumtípus: Cikk
Megjelent: 1996
Sorozat:Iskolakultúra 6 No. 2
Kulcsszavak:Világtörténelem - 20. sz., Világpolitika - 20. sz.
Online Access:http://misc.bibl.u-szeged.hu/44952
LEADER 00672nab a2200181 i 4500
001 misc44952
005 20191106141037.0
008 181013s1996 hu o 0|| zxx d
022 |a 1215-5233 
040 |a SZTE Miscellanea Repozitórium  |b hun 
041 |a zxx 
100 1 |a Fischer Ferenc 
245 1 2 |a A globális világ   |h [elektronikus dokumentum] :  |b a XX. századi történeti folyamatok összekapcsolódásáról /  |c  Fischer Ferenc 
260 |c 1996 
300 |a 52-62 
490 0 |a Iskolakultúra  |v 6 No. 2 
695 |a Világtörténelem - 20. sz., Világpolitika - 20. sz. 
856 4 0 |u http://misc.bibl.u-szeged.hu/44952/1/iskolakultura_1996_002_052-062.pdf  |z Dokumentum-elérés